| 000 | 01278nam a22002657a 4500 | ||
|---|---|---|---|
| 008 | 090630t xxu||||| |||| 00| 0 eng d | ||
| 020 | _a0335220878 (pbk.) | ||
| 020 | _a9780335220878 (pbk.) | ||
| 020 | _a0335220886 (hbk.) | ||
| 020 | _a9780335220885 (hbk.) | ||
| 082 |
_222 _a378.1734 _bGOO |
||
| 100 |
_aGoodfellow, Robin, _d1947- _97245 |
||
| 245 |
_aChallenging e-Learning in the University : _bA Literacies Perspective / _cRobin Goodfellow and Mary R. Lea. |
||
| 260 |
_aMaidenhead : _b Open University Press, _cc2007. |
||
| 300 |
_a[vi], 166 p. : _bill. ; _c24 cm. |
||
| 500 | _aPublished in association with the Society for Research into Higher Education | ||
| 504 | _aIncludes bibliographical references (p. 143-155) and indexes. | ||
| 650 |
_aEducation, Higher _xEffect of technological innovations on. _97246 |
||
| 650 |
_aComputer-assisted instruction. _97247 |
||
| 650 |
_aInternet in higher education. _97248 |
||
| 700 |
_aLea, Mary R. _d1950- _q(Mary Rosalind), _97249 |
||
| 710 |
_aSociety for Research into Higher Education. _97250 |
||
| 942 |
_2ddc _cBB |
||
| 999 |
_c12120 _d12120 |
||